Follow That Line: The Big Bang Theory Season 3 Quiz Stats

 Plays Quiz not verified by Sporcle

Score 0/30 Timer 10:00
0 Plays Today
% Correct
An Indian fighting kite that my brother sent to me from New Delhi.
93.3%
I'll tell you what's making Sheldon cry: that I let you name him Sheldon!
92.9%
And shake twice for Texas.
92.8%
Oh, yay! A new MasterCard!
92.7%
Because most of the things I'm planning to buy haven't been invented yet.
92.6%
And that is your opinion.
92.1%
Actually, it was his idea.
92%
Ladybugs must render you catatonic.
91.7%
Teaching Penny physics. I'm calling it: 'Project Gorilla'.
89.1%
She agreed to go out with you for free; what more do you need?
89%
Obviously you don't remember your circumcision.
88.9%
We were going to throw his Kindle outside and when he went to get it, lock the door and let him freeze to death.
88.6%
I'm not crazy. My mother had me tested.
87.7%
The problem isn't what's on the inside. It's the creepy candy coating.
87.4%
I can hear you metabolising oxygen and expelling carbon dioxide!
86.7%
% Correct
I wonder if anyone else has stumbled onto that?
85.7%
If that was slang, I'm unfamiliar with it. If it was literal, I share your aversion to soiled hosiery.
85.6%
Oh, my God. That's the most romantic thing anyone's ever said to me that I didn't understand.
85.5%
And ski. We'll also go skiing.
85.3%
You know I could never live in a city where the streets are laid out in a wheel and spoke pattern.
84.4%
Focus on the game, not the commercials, Raj.
83.7%
I'm the proud owner of wilwheatonstinks.com, .net, and .org. What does that tell you?
83.5%
No, you want the crazy guy across the hall.
83.5%
You don't pray TO them, we prey ON them.
83.1%
That's the Del Taco.
82.8%
Is she suggesting what I think she's suggesting?
82.1%
In the mood I'm in, I'll take you out. I swear to cow!
82%
Soup tattoo on right buttock.
81.6%
Did I say that right?
78.2%
Why show courtesy to the world's leading expert on the dung beetle?
75.1%

You're not logged in!

Compare scores with friends on all Sporcle quizzes.
OR
Log In

You Might Also Like...

Show Comments

Extras

Top Quizzes Today


Score Distribution

Your Account Isn't Verified!

In order to create a playlist on Sporcle, you need to verify the email address you used during registration. Go to your Sporcle Settings to finish the process.

Report this User

Report this user for behavior that violates our Community Guidelines.

Details: